000 00525nam a2200181 i 4500
001 64860
003 ES-MaACL
005 20230906165231.0
007 t|
008 040107s1980 sp |||| | spa d
100 1 _aForsyth, Frederick.
_951830
245 1 3 _aLa alternativa del diablo /
_cpor Frederick Forsyth ; [traducción de J. Ferrer Aleu].
250 _a20ª ed.
260 _a[Barcelona] :
_bPlaza & Janés,
_c1980.
300 _a478 p. ;
_c19 cm.
700 1 _aFerrer Aleu, J.
_950442
852 _aES-MaACL
_jC-14416
999 _c64860
_d64860